Rita Maritt : gioco sfrenato : avventure di un sex-symbol /

Uloženo v:
Podrobná bibliografie
Hlavní autor: Trupp, Philip (Autor)
Médium: Kniha
Jazyk:italština
Vydáno: Milano : Feltrinelli, 1980
Edice:Franchi narratori ; 32
Tagy: Přidat tag
Žádné tagy, Buďte první, kdo vytvoří štítek k tomuto záznamu!

MARC

LEADER 00000nam a22000007i 4500
001 IT\ICCU\FER\0138359
003 ItRI
005 20260115232333.0
008 950527s1980 it |||||| ||||| |||||c
040 |b ita  |c importazione bologna sebina 
041 7 |a ita  |2 ISO-639-2 
100 1 |a Trupp, Philip  |0 IT\ICCU\RAVV\029746  |4 aut 
245 1 0 |a Rita Maritt :  |b gioco sfrenato : avventure di un sex-symbol /  |c narrate da Philip Trupp. 
260 |a Milano :  |b Feltrinelli,  |c 1980 
300 |a 261 p. ;  |c 19 cm. 
830 0 |a Franchi narratori ;  |v 32  |0 IT\ICCU\CFI\0003508 
942 |2 ddc  |c BK  |n 0 
952 |0 0  |1 0  |4 0  |6 DOC_813_540000000000000_TRU  |7 0  |9 24417  |a BO  |b BO  |d 2026-01-15  |i 6106  |l 0  |o DOC 813.54 TRU  |p BO6106  |r 2026-01-15 23:23:34  |w 2026-01-15  |x [Sebina 5] [1 v.]  |y BK  |z 1 v. 
999 |c 20787  |d 20787